000 00471nam a2200157Ia 4500
003 IQ-KOUCL
041 _aArabic
082 _a340,072 cut-284 س
100 _a20260118u\\\\\\\\\\\y0engy0103\\\\ba
100 _aميساء هشام السامرائي
245 0 _aالتنظيم القانوني للاستثمار الاجنبي
250 _aط1
260 _bمنشورات زين الحقوقية
_aبيروت - لبنان
_c2018
300 _a176
942 _cBk
999 _c187139
_d187139